| 000 | 00980cab a2200265 4500 | ||
|---|---|---|---|
| 001 | ABS57063 | ||
| 008 | 090401t1997 xxu||||| |||| 00| 0 eng d | ||
| 035 | _a(Sirsi) u98447 | ||
| 041 | _aeng | ||
| 100 | _aCoventry, S. | ||
| 245 | _aConstruction waste minimisation: the way forward | ||
| 260 | _c1997 | ||
| 350 | _a0 | ||
| 490 |
_aWastes Management _vMay 1997, 26-27(2) |
||
| 520 | _aReviews the economic and environmental advantages of construction waste minimisation highlighting the role of contractor, designer and client in the process. Tables show annual consumption of construction waste materials and a summary of methods used to reduce, reuse and recycle construction waste. | ||
| 650 | _aAGGREGATES | ||
| 650 | _aCONSTRUCTION WASTE | ||
| 650 | _aWASTE MANAGEMENT | ||
| 650 | _aWASTE MINIMISATION | ||
| 650 | _aWASTE RECYCLING | ||
| 690 | _aBUILT ENVIRONMENT-BUILDING MATERIALS | ||
| 700 | _aWoolveridge, Claire | ||
| 942 | _n0 | ||
| 948 | _c09/06/1997 | ||
| 999 |
_c59837 _d59837 |
||